000 00243nam a2200097Ia 4500
008 240331s9999 xx 000 0 und d
082 _bKUL
100 _aKularathne,N
245 0 _aThepal karanawata wada hasun path streen liyanne ayi?
942 _cL
999 _c5027
_d5027